Music Trivia: Bubblegum songs and artists - Statistics

General Stats
  • This quiz has been taken 29 times
    18 since last reset
  • The average score is 8 of 15
Answer Stats
bubblegum song title artist, group or band associated with that song % Correct
Last Train to Clarksville The Monkees
100%
Sugar, Sugar The Archies
94%
Knock Three Times Dawn
88%
I Think I Love You The Partridge Family
88%
One Bad Apple The Osmonds
71%
Yummy, Yummy, Yummy Ohio Express
59%
Green Tambourine The Lemon Pipers
53%
Dizzy and Sweet Pea Tommy Roe
47%
Julie, Do You Love Me? Bobby Sherman
41%
The Tra La La Song (One Banana, Two Banana) The Banana Splits
41%
It's a Sunshine Day The Brady Bunch
41%
Remember You're a Womble The Wombles
41%
Simon Says 1910 Fruitgum Company
35%
Gimme Gimme Good Lovin' Crazy Elephant
24%
Capt. Groovy and His Bubblegum Army Capt. Groovy and His Bubblegum Army
18%
No matching quizzes found
Score Distribution
Percent of People with Each Score
Percentile by Number Answered
Your Score History
You have not taken this quiz since the last reset